000 00723nam a2200181Ia 4500
003 GCL
005 20240530103220.0
008 140319s9999 xx 000 0 ara d
040 _aGCL /
_cGCL
082 0 4 _a414.3
_bع م
100 1 _aعبدالعظيم ابراهيم محمد المطعنى
245 1 0 _aالمجاز فى اللغة وفى القران الكريم :
_bبين الاجازة والمنع عرض - وتحليل - ونقد /
_cعبدالعظيم ابراهيم محمد المطعنى
260 _aالقاهرة :
_bمكتبة وهبة ؛
_c1993
300 _a1174 ص ؛
_b24 سم
650 0 4 _aالقران - بلاغة
650 0 4 _aالبلاغة العربية - البيان
942 _2ddc
_cBK
999 _c37624
_d37624